Statistics for ACDC quiz

Click here to take the quiz!

General Stats

  • This quiz has been taken 359 times
  • The average score is 5 of 14

Answer Stats

HintAnswer% Correct
Angus Young
73%
What is the current line up of band members?Brian Johnson
71%
How many albums did Simon Wright play in as drummer?3
66%
What is the name of their newest album that has been 8 years since the last album?Black Ice
58%
Phil Rudd
43%
Cliff Williams
42%
Malcom Young
29%
Which former band member only appeared on the High Voltage album as bass player and back-up vocals?Mark Evans
25%
The album Who Made Who was the soundtrack for which movie?Maximum Overdrive
24%
Who sang the song "Chase The Ace"?No one
13%
What album was also made into a movie named the same as the album?Fly On The Wall
10%
From Volts out of the Bonfire Collection, what song is now called "Beating Around the Bush"?Back Seat Confidential
7%
What song first appeared only on the European version of Power age, but later was put on the Australian version?Cold Hearted Man
7%
What two songs did Dave Evans record as AC/DC's first singer?Can I Sit Next To You Girl & Rocking In The Parlour
2%

Score Distribution

Percentile by Number Answered

Percent of People with Each Score

Your Score History

You have not taken this quiz